| 000 | 00809nam a2200253 i 4500 | ||
|---|---|---|---|
| 001 | bg | ||
| 100 | 1 | _aJASIŃSKA, Maria | |
| 245 | 1 | 0 |
_aSkarga pauliańska : _bochrona wierzyciela w razie niewypłacalności dłużnika Art. / _cMaria Jasińska _n27-534 KC, _pkomentarz. |
| 250 | _aStan prawny na dzień 1 września 2001. | ||
| 260 |
_aWarszawa : _bC.H. Beck, _c2002. |
||
| 300 |
_a128 s. ; _c20 cm. |
||
| 490 | 1 | _aKrótkie Komentarze Becka | |
| 504 | _aBibliogr. | ||
| 650 | 9 |
_aPrawo cywilne _zPolska _ystan na 2001 r. |
|
| 650 | 9 |
_aWierzytelność _xprawo _zPolska _ystan na 2001 r. |
|
| 830 | _aKrótkie Komentarze Becka | ||
| 020 | _a8372471711 | ||
| 040 | _cBPK | ||
| 041 | 0 | _apl | |
| 080 | _a347.4/.5(438) | ||
| 920 | _a83-7247-171-1 | ||
| 942 | _cKS | ||
| 008 | s pl f |000 0 pol | ||
| 999 |
_c40424 _d40424 |
||
| 856 |
_uhttp://koha.tu.koszalin.pl/cgi-bin/koha/opac-detail.pl?biblionumber=40424 _yKatalog online BPK |
||